|
|
|
|
| LEADER |
00822nam a2200229 i 4500 |
| 001 |
c000233951 |
| 003 |
CARM |
| 005 |
00000000000000.0 |
| 008 |
840229s1974 nyu 0 eng d |
| 019 |
1 |
|
|a 11688827
|z 6914882
|z 41555716
|z 11691397
|z 62937831
|5 LACONCORD2021
|
| 035 |
|
|
|a (OCoLC)10384613
|5 LACONCORD2021
|
| 082 |
0 |
4 |
|a 263.92
|
| 100 |
1 |
|
|a Schmemann, Alexander,
|d 1921-
|
| 245 |
1 |
0 |
|a Great Lent.
|
| 250 |
|
|
|a Rev. ed.
|
| 260 |
|
|
|a [Tuckahoe, N.Y.] :
|b St. Vladimir's Seminary Press,
|c 1974.
|
| 300 |
|
|
|a 140 p ;
|c 22 cm.
|
| 504 |
|
|
|a Bibliography: p. 135-140.
|
| 650 |
|
0 |
|a Lent.
|
| 852 |
8 |
|
|b CARM
|h A2:AP15G0
|i B06842
|p 0327160
|f BK
|
| 999 |
f |
f |
|i 11731d13-43df-5bfd-85bc-901445b7b34f
|s 42c90c6b-d8ef-57a7-b3ed-7c1426507896
|
| 952 |
f |
f |
|p Can circulate
|a CAVAL
|b CAVAL
|c CAVAL
|d CARM 1 Store
|e B06842
|f A2:AP15G0
|h Other scheme
|i book
|m 0327160
|